1650 1758 1119 1945 1544 1002 1672 1847 1604 1171 1397 1655 1769 1808 1195 1158 1361 1921 1504 1675 1100 1996 1562 1449 1980 1062 1672 1857 1962 1425 1978 1002 1500 1820 1789 1052 1171 1661 1890 1901 1731 1246 1679 1844 1768 1798 1853 1084 1725 1358 1399 1402 1458 1304 1173 1217 1167 1307 1567 1487 1420 1079 1085 1627 1067 1323 1394 1037 1789 1200 1546 1867 1882 1559 1325 1783 1331 1017 1025 1227 1629 1560 1276 1876 1939 1027 1493 1198 1068 1823 1804 1137 1468 1552 1799 1587 1330 1450 1744 BCNSPRNW ULIB Ver.6.0+V

เปลี่ยนเป็นภาษาไทย

Change to English
 แสดงรายละเอียดบรรณานุกรม
  กลับหน้าหลัก

Brief Record : Get Marc (ISO 2709) : E-mail record : QR code < ปิดหน้าต่าง
LEADER : 00000nam 2200000uu 4500
001    13399127274
003     ULIB
008    200316s2562||||th 000 0 tha d
020    ^a9786169284765
060    ^aWO275^bว671ก
100    ^aวิมลรัตน์ ศรีราช อรลักษณ์ รอดอนันต์ นรุตม์ เรือนอนุกูล และปัณณวิชญ์ เบญจวลีย์มาศ
245    ^aก้าวไกล วิสัญญี 4.0
250    ^aพิมพ์ครั้งที่ 1
260    ^aกรุงเทพฯ :^bธนาเพรส,^c2562
300    ^a498 หน้า^bภาพประกอบ, ตาราง, ภาคผนวก
650    ^aวิสัญญี
945    ^p400^l0^i006647
945    ^p400^l0^i006648
945    ^p400^l0^i006649
945    ^p400^l0^i006650
945    ^p400^l0^i006651
999    ^aประนอม เกษจรัล
รายการนี้ยังไม่มีแท็ก
คุณยังไม่ได้ล็อกอิน คุณสามารถมีกิจกรรมร่วมกับเว็บไซต์ได้ แต่ต้องล็อกอินก่อน ::
  ล็อกอิน

รายการสื่อสารสนเทศ

ลำดับที่ ประเภท เลขเรียก/บาร์โค้ด สถานที่ สถานะ
1. วิทยาศาสตร์การแพทย์ และสุขภาพ
หนังสือสำรอง
สถานะ=หนังสือสำรอง
WO275 ว671ก ฉ.1 
  Barcode: 006647
ห้องสมุดวิทยาเขตสวรรค์ประชารักษ์
►หนังสือทั่วไป
บนชั้น
2. วิทยาศาสตร์การแพทย์ และสุขภาพ
วิทยาศาสตร์การแพทย์ และสุขภาพ
WO275 ว671ก ฉ.2 
  Barcode: 006648
ห้องสมุดวิทยาเขตสวรรค์ประชารักษ์
►หนังสือทั่วไป
บนชั้น
3. วิทยาศาสตร์การแพทย์ และสุขภาพ
วิทยาศาสตร์การแพทย์ และสุขภาพ
WO275 ว671ก ฉ.3 
  Barcode: 006649
ห้องสมุดวิทยาเขตสวรรค์ประชารักษ์
►หนังสือทั่วไป
บนชั้น
4. วิทยาศาสตร์การแพทย์ และสุขภาพ
วิทยาศาสตร์การแพทย์ และสุขภาพ
WO275 ว671ก ฉ.4 
  Barcode: 006650
ห้องสมุดวิทยาเขตสวรรค์ประชารักษ์
►หนังสือทั่วไป
บนชั้น
5. วิทยาศาสตร์การแพทย์ และสุขภาพ
วิทยาศาสตร์การแพทย์ และสุขภาพ
WO275 ว671ก ฉ.5 
  Barcode: 006651
ห้องสมุดวิทยาเขตสวรรค์ประชารักษ์
►หนังสือทั่วไป
บนชั้น

รายการใกล้เคียง
    ชื่อเรื่อง [ก้าวไกล วิสัญญี 4.0]

    ผู้แต่ง [วิมลรัตน์ ศรีราช อรลักษณ์ รอดอนันต์ นรุตม์ เรือนอนุกูล และปัณณวิชญ์ เบญจวลีย์มาศ]

    หัวเรื่อง [วิสัญญี]

BibComment


ยังไม่เคยถูกคอมเมนท์

คอมเมนท์ทรัพยากรรายการนี้
  คอมเมนท์: ก้าวไกล วิสัญญี 40


 Copyright 2026. Bcnsprnw @Library